Statistiques concernant Meilleurs sons de Tiakola

Cliquez ici pour prendre le quiz!

Statistiques générales

  • Ce quiz a été pris 1 614 fois
    (121 depuis la dernière actualisation)
  • Le résultat moyen est 6 sur 15

Statistiques - réponses

RangTitresStreams% Correct
1Meuda135,3M
91%
4Gasolina (ft. Rsko)91,7M
67%
11M3lo60,0M
53%
9KASSAV (ft. Gazo)63,8M
52%
6Meridian (ft. Dave)75,9M
52%
12Mode AV (ft. Niska, Gazo)57,6M
48%
10La clé60,5M
46%
2FLEURS (ft. Gazo)101,3M
45%
3MD (ft. Niska)87,8M
36%
5Dieu merci (ft. Dadju)78,1M
23%
8Mapessa (ft. Leto)64,2M
18%
15Redescends (ft. SDM)43,9M
17%
14TOUTE LA JOURNÉE (ft. Zola)51,6M
17%
7P A S C O M M E Ç A (ft. Tayc)73,7M
13%
13Tout est bon (ft. DJ Babs)56,9M
11%

Distribution des résultats

Percentile par nombre de réponses

% des personnes avec chaque résultat

Votre développement - résultats

Vous n’avez pas pris ce quiz depuis la dernière actualisation